000 00433pab a2200169 454500
008 180718b2017 xxu||||| |||| 00| 0 eng d
100 _aSrinivas, V.
245 _aHealth care for all: the national health policy 2017
260 _c2017
300 _ap.8-12.
362 _aJul
650 _aIndia - Health policy
650 _aHealth services - India
650 _aHealth services
773 _aKurukshetra
909 _a114939
999 _c114933
_d114933